Statistics for Demographics of Melbourne - People born overseas by region

Click here to take the quiz!

General Stats

  • This quiz has been taken 342 times
    (335 since last reset)
  • The average score is 11 of 15

Answer Stats

Answer% Correct
China
99%
UK
97%
India
95%
Italy
90%
Greece
86%
Vietnam
86%
New Zealand
84%
Germany
68%
Philippines
59%
South Africa
57%
Malaysia
56%
Sri Lanka
54%
Turkey
51%
Iraq
49%
Hong Kong
27%

Score Distribution

Percentile by Number Answered

Percent of People with Each Score

Your Score History

You have not taken this quiz since the last reset